[Event "AUTO-OPEN-439"]
[Site "http://www.queenalice.com/game.php?id=124752"]
[Date "2006.11.3"]
[Round "1"]
[White "CampbellMarcel"]
[Black "louisedward"]
[Result "1/2-1/2"]
[WhiteElo "1894"]
[BlackElo "1621"]

1. e4 c6 2. Bc4 d5 3. exd5 cxd5 4. Bb5+ Bd7 5. Bxd7+ Nxd7 6. Nf3 e6 7. O-O Bd6
8. Nc3 Ngf6 9. Nb5 Qb6 10. Nxd6+ Qxd6 11. d4 O-O 12. b3 Rac8 13. a4 Qc6 14. Ba3
Rfe8 15. Ra2 Ne4 16. Rb2 b5 17. axb5 Qxb5 18. c4 dxc4 19. b4 c3 20. Rc2 Nd2 21.
Nxd2 cxd2 22. Rxd2 Rc3 23. Ra2 Rd3 24. Rd2 Rxa3 25. Re1 Nb6 26. Qg4 Nc4 27. Rde2
a5 28. bxa5 Nxa5 29. Re5 Qd7 30. d5 Nc6 31. dxc6 Qxc6 32. Qb4 Ra4 33. Qb1 Raa8
34. R1e3 Rad8 35. Rh3 g6 36. Rg3 Rd5 37. Rxd5 exd5 38. Rb3 Qe6 39. Kf1 Qe5 40.
Re3 Qb8 41. Rxe8+ Qxe8 42. Qe1 Kf8 43. Qb4+ Kg7 44. Qd4+ f6 45. Qxd5 Qf7 46.
Qxf7+ 1/2-1/2

[Event "AUTO-OPEN-439"]
[Site "http://www.queenalice.com/game.php?id=124753"]
[Date "2006.11.3"]
[Round "1"]
[White "louisedward"]
[Black "CampbellMarcel"]
[Result "0-1"]
[WhiteElo "1783"]
[BlackElo "1732"]

1. e4 c5 2. Nf3 Nc6 3. Bb5 Qc7 4. Bxc6 Qxc6 5. Nc3 e6 6. d3 d5 7. exd5 exd5 8.
O-O d4 9. Ne4 Nf6 10. Nfd2 Bg4 11. f3 Bh5 12. g4 Bg6 13. c4 h5 14. h3 hxg4 15.
hxg4 Qc7 16. Nxf6+ gxf6 17. Rf2 Bd6 18. Qe2+ Kd7 19. Ne4 Bxe4 20. fxe4 Bh2+ 21.
Rxh2 Rhg8 22. Rh7 Qg3+ 23. Qg2 Rxg4 24. Rxf7+ Ke6 25. Rxf6+ Kxf6 26. Qxg3 Rxg3+
27. Kf2 Rag8 28. Bf4 Rg2+ 29. Kf3 Rxb2 30. Bg3 b5 31. a4 b4 32. Bd6 Rc8 33. Re1
Ke6 34. Bf4 Rf8 35. Rg1 a5 0-1

[Event "AUTO-OPEN-439"]
[Site "http://www.queenalice.com/game.php?id=124776"]
[Date "2006.11.3"]
[Round "1"]
[White "Orfeu"]
[Black "louisedward"]
[Result "1-0"]
[WhiteElo "1921"]
[BlackElo "1616"]

1. e4 c6 2. Bc4 d5 3. exd5 cxd5 4. Be2 Nf6 5. d4 e6 6. Nf3 Nc6 7. O-O Bd6 8. Bg5
h6 9. Bh4 Bc7 10. Re1 O-O 11. c3 g5 12. Bg3 Bxg3 13. fxg3 Ne4 14. Nbd2 f5 15.
Nb3 b6 16. Nc1 a6 17. Nd3 Qf6 18. Rf1 Bb7 19. Nfe5 Nxe5 20. Nxe5 Rad8 21. c4 a5
22. g4 Nd6 23. gxf5 1-0

[Event "AUTO-OPEN-439"]
[Site "http://www.queenalice.com/game.php?id=124777"]
[Date "2006.11.3"]
[Round "1"]
[White "louisedward"]
[Black "Orfeu"]
[Result "0-1"]
[WhiteElo "1630"]
[BlackElo "1911"]

1. e4 e5 2. Nf3 Nc6 3. Bb5 a6 4. Bxc6 dxc6 5. O-O Bg4 6. h3 Bh5 7. d3 Qd6 8.
Nbd2 O-O-O 9. Nc4 Qe7 10. Be3 f6 11. g4 Bf7 12. b3 g5 13. Na5 h5 14. Ba7 Be6 15.
Nh2 Qd7 16. f3 Ne7 17. Be3 Ng6 18. Rf2 Nf4 19. Bxf4 gxf4 20. Qe2 Bc5 21. Rf1
hxg4 22. hxg4 Qh7 23. Kh1 Bxf2 24. Rxf2 Qg7 25. Kg1 f5 0-1

[Event "AUTO-OPEN-439"]
[Site "http://www.queenalice.com/game.php?id=124790"]
[Date "2006.11.3"]
[Round "1"]
[White "vult0"]
[Black "louisedward"]
[Result "1/2-1/2"]
[WhiteElo "1744"]
[BlackElo "1803"]

1. d4 d5 2. Nf3 c6 3. e3 Bg4 4. Be2 Bxf3 5. Bxf3 Nf6 6. Nc3 e6 7. O-O Be7 8. Ne2
O-O 9. Nf4 Bd6 10. c3 Bxf4 11. exf4 Nbd7 12. Qd3 Re8 13. Be2 Nf8 14. f5 Ne4 15.
fxe6 Nxe6 16. Bf3 N6g5 17. Bxg5 Nxg5 18. Bg4 Qf6 19. f3 Re7 20. Qf5 Qxf5 21.
Bxf5 Rae8 22. b4 Ne6 23. f4 g6 24. Bxe6 Rxe6 25. a4 a6 26. g3 Re2 27. Rac1 b5
28. a5 f5 29. Rf2 Kg7 30. Rxe2 Rxe2 31. h4 Kf6 32. Kf1 Rh2 33. Kg1 Re2 34. Kf1
Rh2 35. Kg1 Re2 1/2-1/2

[Event "AUTO-OPEN-439"]
[Site "http://www.queenalice.com/game.php?id=124791"]
[Date "2006.11.3"]
[Round "1"]
[White "louisedward"]
[Black "vult0"]
[Result "1-0"]
[WhiteElo "1500"]
[BlackElo "1706"]

1. e4 Nf6 2. e5 Nd5 3. d4 e6 4. c4 Nb6 5. Nf3 d5 6. Nbd2 Bb4 7. a3 Bxd2+ 8. Nxd2
Nc6 9. Qg4 g6 10. cxd5 Nxd5 11. Nb1 b6 12. Nc3 Bb7 13. Nxd5 Qd7 14. Nf6+ Kd8 15.
Nxd7 Kxd7 16. Bb5 Rad8 17. Bxc6+ Bxc6 18. O-O Kc8 19. Bg5 Rd5 20. Bf6 h5 21. Qg5
Re8 22. Rad1 Kb7 23. Qh6 Rb5 24. Qg7 Rxb2 25. Qxf7 a5 26. Qxg6 h4 27. Bxh4 Re2
28. Rc1 Be4 29. Qxe8 Bd5 30. Bd8 Re4 31. Rxc7+ Ka6 32. Ra7+ Kxa7 33. Bxb6+ Kxb6
34. Qb8+ Ka6 35. Rb1 1-0

[Event "rematch"]
[Site "http://www.queenalice.com/game.php?id=131824"]
[Date "2006.11.21"]
[Round "-"]
[White "catlinb"]
[Black "louisedward"]
[Result "1/2-1/2"]
[WhiteElo "1421"]
[BlackElo "1671"]

1. Nf3 Nf6 2. b3 d6 3. Bb2 e5 4. e3 Be7 5. c4 c5 6. d4 exd4 7. exd4 cxd4 8. Nxd4
Nc6 9. f3 Bd7 10. Nxc6 Bxc6 11. Bd3 O-O 12. Qc2 Rc8 13. Nd2 d5 14. O-O dxc4 15.
Nxc4 Bc5+ 16. Kh1 Bd4 17. Rad1 Bxb2 18. Bxh7+ Nxh7 19. Rxd8 Rcxd8 20. Qxb2 Nf6
21. Ne5 Bd7 22. Nxd7 Rxd7 23. Qa3 b6 24. h3 Nh5 25. Kh2 Nf6 26. Qa4 Rfd8 27. Rf2
Kh7 28. Qh4+ Kg8 29. g4 Rd4 30. Rc2 Rd1 31. Qg5 R1d5 32. Qf4 Rd4 1/2-1/2

[Event "Challenge"]
[Site "http://www.queenalice.com/game.php?id=149303"]
[Date "2007.1.2"]
[Round "-"]
[White "catlinb"]
[Black "louisedward"]
[Result "1/2-1/2"]
[WhiteElo "1500"]
[BlackElo "1666"]

1. f4 d5 2. Nf3 Nc6 3. e3 Nf6 4. b3 e6 5. Bb2 Bd6 6. Bb5 O-O 7. O-O Bd7 8. Bxc6
Bxc6 9. Nc3 b6 10. Nd4 Bb7 11. Ncb5 Be7 12. Na3 c5 13. Nf3 Qd7 14. Ne5 Qc8 15.
c4 Nd7 16. Nxd7 Qxd7 17. Qg4 f6 18. Rf3 Rf7 19. Raf1 1/2-1/2

[Event "Challenge"]
[Site "http://www.queenalice.com/game.php?id=149304"]
[Date "2007.1.2"]
[Round "-"]
[White "louisedward"]
[Black "catlinb"]
[Result "1/2-1/2"]
[WhiteElo "1642"]
[BlackElo "1538"]

1. g3 d5 2. Bg2 Nf6 3. b3 e6 4. Nf3 Nc6 5. Bb2 Bd6 6. O-O O-O 7. d3 Bd7 8. c4
dxc4 9. dxc4 Be7 10. Nd4 Qe8 11. e3 a6 12. Nd2 Bb4 13. Nxc6 Bxc6 14. Nf3 Rd8 15.
Qe2 Rd7 16. Rad1 Rxd1 17. Rxd1 Qe7 1/2-1/2

[Event "Challenge"]
[Site "http://www.queenalice.com/game.php?id=163037"]
[Date "2007.2.3"]
[Round "-"]
[White "catlinb"]
[Black "louisedward"]
[Result "1/2-1/2"]
[WhiteElo "1533"]
[BlackElo "1597"]

1. d4 Nf6 2. c4 e5 3. dxe5 Ng4 4. Bf4 Nc6 5. Nf3 Qe7 6. e3 Ngxe5 7. Nxe5 Nxe5 8.
Nc3 d6 9. Be2 Be6 10. Nd5 Bxd5 11. cxd5 O-O-O 12. O-O g6 13. Re1 Bg7 14. Bxe5
Bxe5 15. Qc2 Qh4 16. g3 Qf6 17. Rac1 Qe7 18. f4 Bg7 19. Bg4+ f5 20. Bf3 1/2-1/2

[Event "Challenge"]
[Site "http://www.queenalice.com/game.php?id=163056"]
[Date "2007.2.3"]
[Round "-"]
[White "louisedward"]
[Black "catlinb"]
[Result "1/2-1/2"]
[WhiteElo "1607"]
[BlackElo "1512"]

1. Nf3 Nf6 2. c4 e6 3. Nc3 b6 4. e4 Bb7 5. d3 d5 6. Be2 dxe4 7. dxe4 Qxd1+ 8.
Bxd1 Bb4 9. e5 Nfd7 10. O-O Nc6 11. Nb5 O-O-O 1/2-1/2

[Event "AUTO-INT-337"]
[Site "http://www.queenalice.com/game.php?id=164626"]
[Date "2007.2.7"]
[Round "1"]
[White "marcosbratz"]
[Black "louisedward"]
[Result "0-1"]
[WhiteElo "1506"]
[BlackElo "1571"]

1. d4 Nf6 2. c4 e5 3. b3 Bb4+ 4. Bd2 Bxd2+ 5. Nxd2 exd4 6. Ngf3 Nc6 7. Nh4 d5 8.
cxd5 Nxd5 9. Rc1 Qxh4 10. Nf3 Qe4 11. Nd2 Qe7 12. g3 Nc3 13. Qc2 Nb4 14. Qd3
Nxd3# 0-1

[Event "AUTO-INT-337"]
[Site "http://www.queenalice.com/game.php?id=164627"]
[Date "2007.2.7"]
[Round "1"]
[White "louisedward"]
[Black "marcosbratz"]
[Result "0-1"]
[WhiteElo "1551"]
[BlackElo "1537"]

1. d4 Nf6 2. c4 e6 3. Nc3 Bb4 4. e3 d5 5. Nf3 Nc6 6. a3 Bxc3+ 7. bxc3 Ne4 8. Qc2
O-O 9. Bd3 Nf6 10. O-O Re8 11. cxd5 exd5 12. Ng5 g6 13. Nf3 Bg4 14. Nd2 a6 15.
Bb2 b5 16. h3 Bd7 17. Rad1 Kg7 18. Nb3 Ne4 19. Bxe4 dxe4 20. Nc5 Bf5 0-1

[Event "AUTO-INT-337"]
[Site "http://www.queenalice.com/game.php?id=164632"]
[Date "2007.2.7"]
[Round "1"]
[White "SGrillo"]
[Black "louisedward"]
[Result "1-0"]
[WhiteElo "1641"]
[BlackElo "1570"]

1. e4 c6 2. d4 d5 3. e5 Bf5 4. Bd3 Bxd3 5. Qxd3 e6 6. Nf3 c5 7. c3 cxd4 8. cxd4
Bb4+ 9. Bd2 Bxd2+ 10. Qxd2 Ne7 11. O-O O-O 12. Nc3 Nbc6 13. Rac1 Qb6 14. Na4 Qb4
15. Qxb4 Nxb4 16. a3 Nbc6 17. h3 Nf5 18. Nc5 1-0